Normal view
MARC view
- C K P,
Entry Personal Name
001 - CONTROL NUMBER
- control field: 5746
003 - CONTROL NUMBER IDENTIFIER
- control field: OSt
005 - DATE AND TIME OF LATEST TRANSACTION
- control field: 20240115144934.0
008 - FIXED-LENGTH DATA ELEMENTS
- fixed length control field: 240115|| aca||aabn | a|a d
040 ## - CATALOGING SOURCE
- Original cataloging agency: OSt
- Transcribing agency: OSt
100 ## - HEADING--PERSONAL NAME
- Personal name: C K P,
670 ## - SOURCE DATA FOUND
- Source citation: Work cat.: (OSt)4927: C K P, ., Amruth veechi / , 1962.
